Ultima tule /
Guardado en:
| Autor Principal: | |
|---|---|
| Formato: | Libro |
| Publicado: |
Mexico :
Imprenta Universitaria,
1942
|
| Materias: | |
| Etiquetas: |
Agregar Etiqueta
Sin Etiquetas, Sea el primero en etiquetar este registro!
|
| LEADER | 00530nam a22001815a 4500 | ||
|---|---|---|---|
| 001 | EHU.bham024856 | ||
| 003 | AR-BHAM | ||
| 005 | 20130508102808.0 | ||
| 008 | 130507s1942##################000#0#####d | ||
| 082 | M | 8 | |a 868.4 |
| 100 | 1 | |a Reyes, Alfonso | |
| 245 | 1 | 0 | |a Ultima tule / |c Alfonso Reyes |
| 260 | |a Mexico : |b Imprenta Universitaria, |c 1942 | ||
| 300 | |a 250 p. | ||
| 653 | |a Donacion lejarraga | ||
| 653 | |a Literatura mexicana | ||
| 653 | |a Literatura mexicana-1911- | ||
| 859 | |a AR-BHAM |b BIB. HUMANIDADES - General |h M868.4 |i R331-1 |k M |p 583.02 |t Ej.1 | ||
